Statistics for Potential countries in North America

Click here to take the quiz!

General Stats

  • This quiz has been taken 25 times
  • The average score is 11 of 31

Answer Stats

CountryPotential country% Correct
USACalifornia
80%
USAAlaska
72%
USATexas
72%
USAPuerto Rico
68%
DenmarkGreenland
60%
USAHawaii
52%
Saint Kitts and NevisNevis
52%
CanadaQuebec
52%
NetherlandsAruba
48%
CanadaNewfoundland and Labrador
48%
UKBermuda
44%
FranceMartinique
44%
MexicoYucatan
40%
MexicoBaja California
36%
USANew England
36%
NetherlandsBonaire
32%
USACascadia
32%
CanadaNova Scotia
32%
FranceGuadeloupe
28%
CanadaAlberta
24%
CanadaSaskatchewan
24%
CanadaBritish Columbia
20%
USAConfederate States of America
20%
USAVermont
20%
Saint Kitts and NevisKitts
16%
USANew Hampshire
8%
MexicoRio Grande
8%
USAConch Republic
4%
USASouth Carolina
4%
USALakotah
0%
MexicoZapatista
0%

Score Distribution

Percentile by Number Answered

Percent of People with Each Score

Your Score History

You have not taken this quiz